Normal view
MARC view
Entry Personal Name
001 - CONTROL NUMBER
- control field: 35859
003 - CONTROL NUMBER IDENTIFIER
- control field: dpl
005 - DATE AND TIME OF LATEST TRANSACTION
- control field: 20111116145620.0
008 - FIXED-LENGTH DATA ELEMENTS
- fixed length control field: 111116|||a|||||| | ||| d
040 ## - CATALOGING SOURCE
- Original cataloging agency: dpl
- Transcribing agency: dpl
100 ## - HEADING--PERSONAL NAME
- Personal name: Qubein, Nido
670 ## - SOURCE DATA FOUND
- Source citation: Work cat.: (dpl): Qubein, Nido , How to be a great sales professional /, 2009
670 ## - SOURCE DATA FOUND
- Source citation: Work cat.: (dpl): Qubein, Nido , How to be a great sales professional /, 2009
